00345nam a2200121Ia 4500008004100000040001700041041001200058082001900070100001900089245005800108260004100166300001600207230917s9999||||xx |||||||||||||| ||und|| e105531aMAIN aEnglish a301.4442 R141L aRamaswamy, E A 2aA question of balance: labour, management and society aDelhibOxford University Pressc1997 aiv, 267p p.